Normal view
MARC view
- Liao, Jimmy,
Entry Nombre Personal
001 - NUMERO DE CONTROL
- campo de control: 34887
003 - IDENTIFICADOR DE NUMERO DE CONTROL
- campo de control: UPN
005 - FECHA Y HORA DE LA ÜLTIMA TRANSACCIÓN
- campo de control: 20210219194457.0
008 - DATOS DE LONGITUD FIJA
- campo de control de longitud fija: nabaccnnaabn|||||||||| b |nc|||||d
035 ## - NUMERO DE CONTROL
- Número de control: UPN11000006994
040 ## - FUENTE DE CATALOGACIÓN
- Lenguaje de catalogación: SPA
- Agencia de transcripción: UPN
100 1# - ENCABEZAMIENTO - NOMBRE PERSONAL
- Nombre personal: Liao, Jimmy,
- Fechas asociadas con el nombre: 1958-
670 ## - FUENTE EN LA QUE SE LOCALIZARON DATOS
- Cita de la fuente: T
- Uniform Resource Identifier: http://barbara-fiore.com/index.php/autores/jimmy-liao/
680 ## - NOTA PUBLICA DE ACCESO PÚBLICO
- Frase explicativa de la referencia: Nació en Taipei (Taiwán). Se licenció en Bellas Artes. Abandonó su empleo en una agencia para dedicarse por entero a escribir y dibujar sus propias historias, dirigidas tanto al público infantil como al adulto
902 ## - CATALOGADOR
- Catalogador: MITM/040314
